Geografia Polski - Statystyki

Ogólne statystyki
  • Ten quiz został rozwiązany 108 razy
  • Średni wynik to 8 z 10
Statystyki odpowiedzi
Wskazówka Odpowiedź % Poprawnych
Największa rzeka w Polsce Wisła
100%
Najludniejsze miasto w Polsce Warszawa
99%
Liczba województw w Polsce 16
97%
Stolica województwa pomorskiego Gdańsk
97%
Najwyższy szczyt Polski Rysy
93%
Największe jezioro w Polsce Śniardwy
90%
Największa wyspa w Polsce Wolin
76%
Najgłębsze jezioro w Polsce Hańcza
73%
Najmniejszy park narodowy Ojcowski
43%
Miasto znane jako Polska Wenecja Bydgoszcz
24%
Nie znaleziono quizów pasujących do podanych kryteriów
Rozkład punktacji
Procent ludzi z każdym wynikiem
Percentyl według liczby udzielonych odpowiedzi
Twoja historia wyników
Nie rozwiązałeś tego quizu